000 00442nam a22001697a 4500
999 _c12521
_d12521
008 241112b 1997 ||||| |||| 00| 0 eng d
020 _a1870077407
082 _a658.408
_bCHA
100 _aChauvel
245 _aManaging safety and quality in shipping
260 _aLondon
_bThe nautical institute
_c1997
300 _ax,213p.
650 _aSafety
650 _aQuality assurance
650 _aTotal quality management
942 _cBK